[Event "Torredembarra op 8th"]
[Site "Torredembarra"]
[Date "2006.07.13"]
[Round "6"]
[White "Ramirez Gonzalez, Juan Alberto"]
[Black "Orti Boix, Miguel"]
[Result "1-0"]
[WhiteElo "2158"]
[BlackElo "1896"]
[PlyCount "99"]
[EventDate "2006.07.08"]
[EventType "swiss"]
[EventRounds "9"]
[EventCountry "ESP"]
[SourceTitle "EXT 2019"]
[Source "ChessBase"]
[SourceDate "2018.10.10"]
[SourceVersion "1"]
[SourceVersionDate "2018.10.10"]
[SourceQuality "1"]

1. e4 c5 2. c3 d5 3. exd5 Qxd5 4. d4 Nc6 5. Nf3 Bg4 6. Nbd2 cxd4 7. cxd4 Nf6 8. Qa4 Bd7 9. Bc4 Qa5 10. Qb3 e6 11. 0-0 Qb4 12. Qe3 Be7 13. a3 Qb6 14. Ne4 0-0 15. b4 a6 16. Bb2 Rad8 17. Nc5 Bc8 18. Rfd1 Nd5 19. Qe4 Nf6 20. Qe2 Rd6 21. Bc1 Nd5 22. Bb2 Bf6 23. Qe4 g6 24. Bd3 Qd8 25. Rac1 Bg7 26. Bb1 Nf6 27. Qe2 Nh5 28. Nb3 Nf4 29. Qc2 Nd5 30. Re1 Qb6 31. Nc5 Rfd8 32. Ne5 Nf6 33. Nc4 Qc7 34. Nxd6 Qxd6 35. Rcd1 Ng4 36. g3 Nxd4 37. Bxd4 Bxd4 38. Ne4 Qb6 39. h3 Ne5 40. Kg2 Nc6 41. Qa2 Kg7 42. h4 h5 43. Qe2 Ne5 44. Qc2 Ng4 45. Re2 f5 46. Nc5 Qc6+ 47. f3 Nf6 48. Nxe6+ Bxe6 49. Qxc6 bxc6 50. Rxe6 1-0

[Event "Torredembarra op 8th"]
[Site "Torredembarra"]
[Date "2006.07.12"]
[Round "5"]
[White "Ramirez Gonzalez, Juan Alberto"]
[Black "Munoz Pantoja, Miguel Angel"]
[Result "0-1"]
[WhiteElo "2158"]
[BlackElo "2473"]
[PlyCount "98"]
[EventDate "2006.07.08"]
[EventType "swiss"]
[EventRounds "9"]
[EventCountry "ESP"]
[SourceTitle "EXT 2019"]
[Source "ChessBase"]
[SourceDate "2018.10.10"]
[SourceVersion "1"]
[SourceVersionDate "2018.10.10"]
[SourceQuality "1"]

1. e4 c5 2. c3 Nc6 3. d4 cxd4 4. cxd4 e5 5. Nf3 exd4 6. Nxd4 Nf6 7. Nc3 Bb4 8. Nxc6 bxc6 9. Bd3 d5 10. Qa4 Qb6 11. 0-0 0-0 12. Bg5 Bxc3 13. bxc3 Nxe4 14. Bxe4 dxe4 15. Qxe4 Be6 16. Be3 Qa6 17. Bd4 Rae8 18. Qe5 f6 19. Qc5 Bd5 20. Rfe1 Qd3 21. Qd6 Qd2 22. Red1 Qc2 23. Re1 a6 24. a3 Qd2 25. Red1 Qe2 26. Bc5 Rf7 27. Qf4 h6 28. f3 Re5 29. Rd2 Qb5 30. Qb4 Bxf3 31. Qxb5 axb5 32. Bd4 Rg5 33. Be3 Rg4 34. h3 Re4 35. Bxh6 gxh6 36. gxf3 Re3 37. Rc2 Rxf3 38. Kg2 Rd3 39. Kh2 Rfd7 40. Raa2 Ra7 41. Rc1 Kf7 42. c4 b4 43. a4 b3 44. Rb2 Rxa4 45. c5 Ra2 46. Rxa2 bxa2 47. Ra1 Ra3 48. Kg2 Ke6 49. Kf1 Kd5 0-1

[Event "Torredembarra op 8th"]
[Site "Torredembarra"]
[Date "2006.07.10"]
[Round "3"]
[White "Ramirez Gonzalez, Juan Alberto"]
[Black "Jerez Perez, Alfonso"]
[Result "0-1"]
[WhiteElo "2158"]
[BlackElo "2383"]
[PlyCount "84"]
[EventDate "2006.07.08"]
[EventType "swiss"]
[EventRounds "9"]
[EventCountry "ESP"]
[SourceTitle "EXT 2019"]
[Source "ChessBase"]
[SourceDate "2018.10.10"]
[SourceVersion "1"]
[SourceVersionDate "2018.10.10"]
[SourceQuality "1"]

1. e4 e6 2. d4 d5 3. exd5 exd5 4. Nf3 Bg4 5. Bd3 Qf6 6. Nbd2 Bd6 7. c3 Nc6 8. h3 Bh5 9. g4 Bg6 10. Qe2+ Nge7 11. Bxg6 fxg6 12. g5 Qf5 13. Nf1 0-0 14. Nh4 Qf7 15. Be3 Rae8 16. 0-0-0 Bf4 17. Ng2 Bxe3+ 18. Ngxe3 Qxf2 19. Qxf2 Rxf2 20. Rh2 Rf3 21. Kd2 Ref8 22. Ke2 Nd8 23. Nd2 R3f4 24. Rf1 Ne6 25. h4 Rxf1 26. Ndxf1 Rf4 27. Nd2 c6 28. Ng2 Rf8 29. Nf3 Nf5 30. Nge1 Ng3+ 31. Kf2 Ne4+ 32. Ke3 Nd8 33. Nd3 Nf7 34. Rg2 Ned6 35. Ke2 Re8+ 36. Nfe5 Nxe5 37. Nxe5 Nc4 38. Rg3 Nxb2 39. Re3 Na4 40. Kd3 Nb6 41. Kc2 Re7 42. Kd2 Rxe5 0-1

[Event "Barcelona Sants op 07th"]
[Site "Barcelona"]
[Date "2005.08.31"]
[Round "6"]
[White "Escobar Forero, Alder"]
[Black "Ramirez Gonzalez, Juan Alberto"]
[Result "1-0"]
[WhiteElo "2416"]
[BlackElo "2173"]
[PlyCount "63"]
[EventDate "2005.08.27"]
[EventType "swiss"]
[EventRounds "10"]
[EventCountry "ESP"]
[SourceTitle "CBM 108 Extra"]
[Source "ChessBase"]
[SourceDate "2005.11.04"]
[SourceVersion "1"]
[SourceVersionDate "2005.11.04"]
[SourceQuality "1"]

1. e4 c6 2. d4 d5 3. Nc3 dxe4 4. Nxe4 Nd7 5. Ng5 Ngf6 6. Bd3 e6 7. N1f3 Bd6 8. Qe2 h6 9. Ne4 Nxe4 10. Qxe4 Qc7 11. 0-0 b6 12. Qg4 Kf8 13. b3 Bb7 14. Bb2 Nf6 15. Qh4 c5 16. dxc5 Qxc5 17. Bxf6 gxf6 18. Be4 Bxe4 19. Qxe4 Kg7 20. Rad1 Rad8 21. Rd4 f5 22. Qh4 Be7 23. Qg3+ Kh7 24. Rc4 Bd6 25. Ng5+ hxg5 26. Qxg5 Bxh2+ 27. Kxh2 Qe5+ 28. Kg1 Rd4 29. Rc3 Qg7 30. Qh5+ Qh6 31. Qxf7+ Qg7 32. Rh3+ 1-0

[Event "Catalunya-chT DH"]
[Site "Spain"]
[Date "2004.??.??"]
[Round "8"]
[White "Ramirez Gonzalez, Juan Alberto"]
[Black "Fernandez Lopez, Javier"]
[Result "1-0"]
[WhiteElo "2151"]
[BlackElo "2211"]
[PlyCount "63"]
[EventDate "2004.??.??"]
[EventType "team"]
[EventRounds "9"]
[EventCountry "ESP"]
[SourceTitle "EXT 2007"]
[Source "ChessBase"]
[SourceDate "2006.11.23"]
[SourceVersion "1"]
[SourceVersionDate "2006.11.23"]
[SourceQuality "1"]

1. Nf3 Nf6 2. c4 c6 3. g3 d5 4. b3 Nbd7 5. Bb2 Qc7 6. cxd5 cxd5 7. Nc3 a6 8. Rc1 Qd6 9. Qc2 e5 10. Nb1 Be7 11. Bh3 d4 12. Ba3 Qd5 13. Bxe7 Kxe7 14. 0-0 Re8 15. d3 Kf8 16. Qc7 Kg8 17. Nbd2 h6 18. Nc4 Rf8 19. Bxd7 Nxd7 20. Nfxe5 Nxe5 21. Qxe5 Qxe5 22. Nxe5 Re8 23. Nc4 Bh3 24. Rfe1 Re7 25. f3 Rae8 26. Kf2 Bf5 27. Nd6 Bd7 28. Nxe8 Rxe8 29. Rc4 Be6 30. Rc7 Bd5 31. Rec1 Re5 32. Rd7 1-0

[Event "Benidorm Bali op-A"]
[Site "Benidorm"]
[Date "2003.11.23"]
[Round "3"]
[White "Ginsburg, Natan"]
[Black "Ramirez Gonzalez, Juan Alberto"]
[Result "1/2-1/2"]
[WhiteElo "2118"]
[BlackElo "2151"]
[PlyCount "50"]
[EventDate "2003.11.21"]
[EventType "swiss"]
[EventRounds "9"]
[EventCountry "ESP"]
[SourceTitle "CBM 097 Extra"]
[Source "ChessBase"]
[SourceDate "2004.01.13"]
[SourceVersion "1"]
[SourceVersionDate "2004.01.13"]
[SourceQuality "1"]

1. e4 c5 2. Nf3 Nc6 3. c3 e6 4. d4 d5 5. e5 Bd7 6. Na3 cxd4 7. cxd4 Qb6 8. Nc2 Rc8 9. Be2 Nb4 10. Ne3 Bb5 11. a3 Bxe2 12. Qxe2 Nc6 13. 0-0 Nge7 14. Qd3 Na5 15. Bd2 Nb3 16. Rad1 Nc6 17. Bc3 Be7 18. Ne1 a6 19. N1c2 0-0 20. f4 Qb5 21. Qxb5 axb5 22. Rd3 Nba5 23. f5 Bg5 24. f6 g6 25. Ng4 h5 1/2-1/2

[Event "Benidorm Bali op-A"]
[Site "Benidorm"]
[Date "2003.11.21"]
[Round "1"]
[White "Alonso Jimenez, Joan"]
[Black "Ramirez Gonzalez, Juan Alberto"]
[Result "1/2-1/2"]
[WhiteElo "2072"]
[BlackElo "2151"]
[PlyCount "86"]
[EventDate "2003.11.21"]
[EventType "swiss"]
[EventRounds "9"]
[EventCountry "ESP"]
[SourceTitle "CBM 097 Extra"]
[Source "ChessBase"]
[SourceDate "2004.01.13"]
[SourceVersion "1"]
[SourceVersionDate "2004.01.13"]
[SourceQuality "1"]

1. Nc3 c5 2. e4 Nc6 3. g3 g6 4. Bg2 Bg7 5. d3 e6 6. Nge2 Rb8 7. Be3 Nd4 8. 0-0 Ne7 9. Qd2 h6 10. f4 d6 11. Kh1 b5 12. a3 a5 13. Rab1 b4 14. axb4 axb4 15. Nd1 0-0 16. Bg1 Ba6 17. Ne3 Qc7 18. b3 Bb7 19. g4 f5 20. h3 Ra8 21. Nc4 Nec6 22. Rbe1 Nxe2 23. Qxe2 Rae8 24. e5 dxe5 25. Bxc5 Nd4 26. Bxd4 exd4 27. Ra1 Kh7 28. Kg1 Bd5 29. Ra4 fxg4 30. Qxg4 Bxg2 31. Kxg2 Rf5 32. Rxb4 Ref8 33. Rb6 Qd7 34. Rf2 Qd5+ 35. Kg3 h5 36. Qe2 h4+ 37. Kh2 Rxf4 38. Rxf4 Rxf4 39. Rxe6 Qf5 40. Kg2 Qg5+ 41. Kh1 Qf5 42. Kg2 Qg5+ 43. Kh1 Qf5 1/2-1/2

[Event "Catalunya-chT"]
[Site "Spain"]
[Date "2003.??.??"]
[Round "5"]
[White "Chalmeta Torredemer, Josep"]
[Black "Ramirez Gonzalez, Juan Alberto"]
[Result "1/2-1/2"]
[WhiteElo "2216"]
[BlackElo "2173"]
[PlyCount "94"]
[EventDate "2003.??.??"]
[EventType "team"]
[EventRounds "9"]
[EventCountry "ESP"]
[SourceTitle "EXT 2007"]
[Source "ChessBase"]
[SourceDate "2006.11.23"]
[SourceVersion "1"]
[SourceVersionDate "2006.11.23"]
[SourceQuality "1"]

1. e4 c6 2. d4 d5 3. e5 Bf5 4. c4 e6 5. Nc3 f6 6. f4 fxe5 7. fxe5 Nh6 8. Bxh6 Qh4+ 9. g3 Qxh6 10. Qd2 Qxd2+ 11. Kxd2 Nd7 12. cxd5 cxd5 13. Bd3 Bb4 14. Bxf5 Bxc3+ 15. Kxc3 Rc8+ 16. Kd3 exf5 17. Ne2 Ke7 18. Rhf1 g6 19. Rac1 Nb6 20. b3 Rxc1 21. Rxc1 Rc8 22. Rxc8 Nxc8 23. Nf4 Nb6 24. h4 Kf7 25. Ke3 h6 26. e6+ Kf6 27. e7 Kxe7 28. Nxg6+ Kf6 29. Nf4 Ke7 30. Nd3 Nc8 31. Kf4 Kf6 32. Ne5 Ke6 33. g4 fxg4 34. Nxg4 h5 35. Ne3 Nd6 36. Kg5 Nb5 37. Kxh5 Nxd4 38. Kg4 Ne2 39. a3 Nd4 40. h5 Nxb3 41. Nxd5 Nd4 42. h6 Kf7 43. Kg5 b5 44. Nf4 a5 45. Nd3 Ne6+ 46. Kf5 Nd4+ 47. Kg5 Ne6+ 1/2-1/2

[Event "Barcelona Rubi op 4th"]
[Site "Barcelona"]
[Date "2003.??.??"]
[Round "5"]
[White "Rios Parra, Alejandro"]
[Black "Ramirez Gonzalez, Juan Alberto"]
[Result "1-0"]
[WhiteElo "2385"]
[BlackElo "2280"]
[PlyCount "85"]
[EventDate "2003.04.26"]
[EventType "swiss"]
[EventRounds "7"]
[EventCountry "ESP"]
[SourceTitle "EXT 2004"]
[Source "ChessBase"]
[SourceDate "2003.11.25"]
[SourceVersion "1"]
[SourceVersionDate "2003.11.25"]
[SourceQuality "1"]

1. e4 c6 2. d4 d5 3. Nc3 dxe4 4. Nxe4 Nd7 5. Nf3 Ngf6 6. Bd3 Nxe4 7. Bxe4 Nf6 8. Bd3 Bg4 9. c3 e6 10. h3 Bxf3 11. Qxf3 Qd5 12. Qg3 0-0-0 13. 0-0 Bd6 14. Qe3 e5 15. dxe5 Bxe5 16. Rd1 Kb8 17. Qe2 Bc7 18. Bc2 Rhe8 19. Rxd5 Rxe2 20. Rxd8+ Bxd8 21. Bd3 Re1+ 22. Kh2 Bc7+ 23. g3 Kc8 24. Rb1 Bb6 25. Kg2 Ne4 26. Bf4 Rxb1 27. Bxb1 Nxf2 28. Bc2 g6 29. g4 f5 30. gxf5 gxf5 31. Bxf5+ Kd8 32. Bc2 h5 33. Bg3 Nxh3 34. Kxh3 Be3 35. Bd1 c5 36. Bxh5 c4 37. Kg4 a5 38. Kf3 Bc1 39. b3 cxb3 40. axb3 b5 41. Ke2 a4 42. bxa4 bxa4 43. Kd1 1-0

[Event "St Cugat op"]
[Site "St Cugat"]
[Date "1997.??.??"]
[Round "2"]
[White "Ramirez Gonzalez, Juan Alberto"]
[Black "Campos Moreno, Javier B"]
[Result "0-1"]
[WhiteElo "2225"]
[BlackElo "2445"]
[PlyCount "84"]
[EventDate "1997.??.??"]
[EventType "swiss"]
[EventRounds "9"]
[EventCountry "ESP"]
[SourceTitle "EXT 2001"]
[Source "ChessBase"]
[SourceDate "2000.11.22"]
[SourceVersion "1"]
[SourceVersionDate "2000.11.22"]
[SourceQuality "1"]

1. e4 c5 2. c3 Nf6 3. e5 Nd5 4. d4 cxd4 5. cxd4 g6 6. Nf3 Bg7 7. Bc4 Nb6 8. Bb3 0-0 9. 0-0 Nc6 10. Nc3 d6 11. exd6 Qxd6 12. Nb5 Qd8 13. Bf4 Bg4 14. Qe2 Nd5 15. Be5 e6 16. Rfd1 Qb6 17. Bxg7 Kxg7 18. Bxd5 exd5 19. Nc3 Rfe8 20. Qb5 Qxb5 21. Nxb5 Bxf3 22. gxf3 Re2 23. Rab1 Rd8 24. Kf1 Re6 25. Rd3 Rf6 26. Ke2 Rf4 27. Ke3 Rh4 28. Rh1 a6 29. Nc7 Rh5 30. Rc3 Rc8 31. Rxc6 bxc6 32. Nxa6 Rh4 33. Rc1 Re8+ 34. Kd3 Rxh2 35. Rc2 Rh3 36. Re2 Rxf3+ 37. Re3 Rexe3+ 38. fxe3 Rf2 39. Nb4 h5 40. a4 h4 41. Kc3 h3 42. Nd3 Rf1 0-1

[Event "St Cebria op"]
[Site "St Cebria"]
[Date "1997.??.??"]
[Round "1"]
[White "Ramirez Gonzalez, Juan Alberto"]
[Black "Gonzalez Velez, Fermin"]
[Result "0-1"]
[WhiteElo "2225"]
[BlackElo "2400"]
[PlyCount "56"]
[EventDate "1997.??.??"]
[EventType "swiss"]
[EventRounds "9"]
[EventCountry "ESP"]
[SourceTitle "EXT 2001"]
[Source "ChessBase"]
[SourceDate "2000.11.22"]
[SourceVersion "1"]
[SourceVersionDate "2000.11.22"]
[SourceQuality "1"]

1. e4 c5 2. c3 d5 3. exd5 Qxd5 4. d4 Nf6 5. Nf3 Bg4 6. Bb5+ Nc6 7. Na3 cxd4 8. Qxd4 Bxf3 9. gxf3 Qxf3 10. Rg1 Rd8 11. Qa4 g6 12. Nc4 Nd7 13. Be3 Bg7 14. Nd2 Qh5 15. Be2 Qxh2 16. 0-0-0 Nb6 17. Qe4 Qe5 18. Qb1 0-0 19. Nf3 Rxd1+ 20. Rxd1 Qa5 21. Rg1 Nd5 22. Bd2 Qc5 23. Qe4 Qxf2 24. Rf1 Nf6 25. Qc4 Qb6 26. Qh4 Qa5 27. Bc4 Qh5 28. Qe1 Qc5 0-1

[Event "Barcelona op rap"]
[Site "Barcelona"]
[Date "1996.12.14"]
[Round "4"]
[White "Moreno Merediz, Jose Luis"]
[Black "Ramirez Gonzalez, Juan Alberto"]
[Result "1-0"]
[WhiteElo "2100"]
[BlackElo "2235"]
[PlyCount "68"]
[EventDate "1996.12.??"]
[EventType "swiss (rapid)"]
[EventRounds "8"]
[EventCountry "ESP"]
[SourceTitle "EXT 2001"]
[Source "ChessBase"]
[SourceDate "2000.11.22"]
[SourceVersion "1"]
[SourceVersionDate "2000.11.22"]
[SourceQuality "1"]

1. c4 Nf6 2. Nc3 e6 3. e4 d5 4. cxd5 exd5 5. e5 d4 6. exf6 dxc3 7. Bb5+ c6 8. Qe2+ Be6 9. Bc4 Qxf6 10. dxc3 Bc5 11. Bxe6 Qxe6 12. Qxe6+ fxe6 13. Nf3 0-0 14. 0-0 Nd7 15. b3 Nf6 16. Bb2 Rad8 17. Rae1 Rd6 18. b4 Bb6 19. c4 c5 20. b5 Re8 21. h3 Rd3 22. Re2 Nh5 23. Ne5 Nf4 24. Re4 Rd2 25. Ba1 Ne2+ 26. Kh1 Rxa2 27. Nd7 Rd8 28. Nxb6 axb6 29. Rxe6 Rda8 30. Be5 Nd4 31. Re7 Nf5 32. Rxb7 Re2 33. Ba1 Raa2 34. Rxb6 Rxf2 1-0

[Event "Barcelona op rap"]
[Site "Barcelona"]
[Date "1996.12.14"]
[Round "3"]
[White "Ramirez Gonzalez, Juan Alberto"]
[Black "Campos Moreno, Javier B"]
[Result "0-1"]
[WhiteElo "2235"]
[BlackElo "2485"]
[PlyCount "65"]
[EventDate "1996.12.??"]
[EventType "swiss (rapid)"]
[EventRounds "8"]
[EventCountry "ESP"]
[SourceTitle "EXT 2001"]
[Source "ChessBase"]
[SourceDate "2000.11.22"]
[SourceVersion "1"]
[SourceVersionDate "2000.11.22"]
[SourceQuality "1"]

1. e4 c5 2. c3 Nf6 3. e5 Nd5 4. d4 cxd4 5. cxd4 d6 6. Nf3 Nc6 7. a3 dxe5 8. dxe5 Bg4 9. Be2 e6 10. 0-0 Be7 11. Re1 0-0 12. Qb3 Qc7 13. Bd2 Bxf3 14. Bxf3 Nd4 15. Qd3 Nxf3+ 16. Qxf3 Qc2 17. Bc3 Rfd8 18. Qe4 Qxe4 19. Rxe4 Rac8 20. Kf1 h5 21. Ke2 Kh7 22. Ra2 g5 23. g3 Kg6 24. Ra4 a6 25. Rd4 Kf5 26. Kd3 Bc5 27. Nd2 Bxd4 28. Bxd4 Rc1 29. b4 Nc3 30. Rc2 Rxd4+ 31. Kxc3 Rxc2+ 32. Kxc2 g4 33. Kc3 0-1

[Event "Barcelona op rap"]
[Site "Barcelona"]
[Date "1996.12.14"]
[Round "2"]
[White "Rechi Perez, Francesco"]
[Black "Ramirez Gonzalez, Juan Alberto"]
[Result "0-1"]
[WhiteElo "2270"]
[BlackElo "2235"]
[PlyCount "60"]
[EventDate "1996.12.??"]
[EventType "swiss (rapid)"]
[EventRounds "8"]
[EventCountry "ESP"]
[SourceTitle "EXT 2001"]
[Source "ChessBase"]
[SourceDate "2000.11.22"]
[SourceVersion "1"]
[SourceVersionDate "2000.11.22"]
[SourceQuality "1"]

1. e4 c6 2. d4 d5 3. e5 Bf5 4. Bd3 Bxd3 5. Qxd3 e6 6. Ne2 c5 7. c3 cxd4 8. cxd4 Ne7 9. 0-0 Nf5 10. Qb5+ Qd7 11. Qxd7+ Kxd7 12. g4 Ne7 13. Nbc3 h5 14. gxh5 Nf5 15. Be3 Nc6 16. Rad1 f6 17. exf6 gxf6 18. Ng3 Nxg3 19. fxg3 f5 20. a3 Rxh5 21. b4 Be7 22. Kg2 a6 23. Ne2 b5 24. Nf4 Rhh8 25. Rfe1 Bd6 26. Ng6 Rhg8 27. Nh4 a5 28. bxa5 Rxa5 29. Rb1 Bxa3 30. Nf3 Be7 0-1

[Event "Mataro op"]
[Site "Mataro"]
[Date "1996.??.??"]
[Round "?"]
[White "Granados Gomez, Manuel"]
[Black "Ramirez Gonzalez, Juan Alberto"]
[Result "1-0"]
[WhiteElo "2350"]
[BlackElo "2265"]
[PlyCount "61"]
[EventDate "1996.08.??"]
[EventType "swiss"]
[EventRounds "9"]
[EventCountry "ESP"]
[SourceTitle "EXT 2001"]
[Source "ChessBase"]
[SourceDate "2000.11.22"]
[SourceVersion "1"]
[SourceVersionDate "2000.11.22"]
[SourceQuality "1"]

1. d4 g6 2. c4 f5 3. g3 Nf6 4. Bg2 Bg7 5. Nc3 0-0 6. Nh3 Nc6 7. Rb1 d6 8. d5 Ne5 9. b3 Rb8 10. 0-0 Bd7 11. Bb2 h6 12. f4 Neg4 13. Qd2 c6 14. Rbe1 cxd5 15. Nxd5 Nxd5 16. Bxd5+ Kh7 17. Bxg7 Kxg7 18. Qd4+ Nf6 19. Qxa7 Ra8 20. Qxb7 Rxa2 21. Nf2 Qa5 22. b4 Qa3 23. e4 e6 24. Bxe6 Qf3 25. Bd5 fxe4 26. Bxe4 Nxe4 27. Qxe4 Qc3 28. Re3 Qd2 29. Rd3 Qb2 30. Rxd6 Bh3 31. Qxg6+ 1-0

[Event "Barcelona schev"]
[Site "Barcelona"]
[Date "1996.??.??"]
[Round "?"]
[White "Palacios Perez, Manuel"]
[Black "Ramirez Gonzalez, Juan Alberto"]
[Result "1-0"]
[WhiteElo "2150"]
[BlackElo "2265"]
[PlyCount "46"]
[EventDate "1996.??.??"]
[EventType "schev"]
[EventRounds "14"]
[EventCountry "ESP"]
[SourceTitle "EXT 1999"]
[Source "ChessBase"]
[SourceDate "1998.11.16"]
[SourceVersion "1"]
[SourceVersionDate "1998.11.16"]
[SourceQuality "1"]

1. d4 Nf6 2. c4 e6 3. Nc3 Bb4 4. e3 0-0 5. Bd3 c5 6. Nf3 cxd4 7. exd4 d5 8. 0-0 dxc4 9. Bxc4 Nbd7 10. Bg5 Qa5 11. Rc1 Bxc3 12. bxc3 b5 13. Bd3 Bb7 14. Qe2 Rac8 15. Rfe1 a6 16. Ne5 h6 17. Nxd7 Nxd7 18. Bxh6 gxh6 19. Qg4+ Kh8 20. Qh5 Kg7 21. Rxe6 Rh8 22. Re7 Qxa2 23. c4 Rhf8 1-0

[Event "Barcelona Tres Peons"]
[Site "Barcelona"]
[Date "1996.??.??"]
[Round "8"]
[White "Ramirez Gonzalez, Juan Alberto"]
[Black "Crespo Revilla, Josep Maria"]
[Result "1/2-1/2"]
[WhiteElo "2290"]
[BlackElo "2260"]
[PlyCount "23"]
[EventDate "1996.??.??"]
[EventType "tourn"]
[EventRounds "9"]
[EventCountry "ESP"]
[SourceTitle "EXT 1998"]
[Source "ChessBase"]
[SourceDate "1997.11.17"]
[SourceVersion "1"]
[SourceVersionDate "1997.11.17"]
[SourceQuality "1"]

1. e4 c5 2. c3 d5 3. exd5 Qxd5 4. d4 Nf6 5. Nf3 Bg4 6. Be2 e6 7. Na3 a6 8. Nc2 cxd4 9. Qxd4 Nc6 10. Qxd5 Nxd5 11. Ne3 Nxe3 12. Bxe3 1/2-1/2